Everything you want to ask about: (Record no. 201265)

MARC details
000 -LEADER
fixed length control field 00766nam a22002177a 4500
005 - DATE AND TIME OF LATEST TRANSACTION
control field 20240307104256.0
010 ## - LCCN (DPL NO)
LC control number ENG-139568
020 ## - INTERNATIONAL STANDARD BOOK NUMBER
International Standard Book Number 9788195264001
Terms of availability 395.00
035 ## - SYSTEM CONTROL NUMBER
System control number EN-123100
037 ## - SOURCE OF ACQUISITION
Source of stock number/acquisition DBAD/PUB
082 ## - DEWEY DECIMAL CLASSIFICATION NUMBER
Classification number 136.7
100 ## - MAIN ENTRY--PERSONAL NAME
Personal name Mehta, Pradeep Kumar
245 ## - TITLE STATEMENT
Title Everything you want to ask about:
Remainder of title Your bundle of joy/
Statement of responsibility, etc By Pradeep Kumar Mehta and Edited by Deepshikha Seth
Medium English
260 ## - PUBLICATION, DISTRIBUTION, ETC. (IMPRINT)
Name of publisher, distributor, etc Ivynib Communications Pvt Ltd
Place of publication, distribution, etc New Delhi
Date of publication, distribution, etc 2021
270 ## - ADDRESS
Address A-1010 ATS Bouquet Sector 132, Noida
300 ## - PHYSICAL DESCRIPTION
Extent 189p.
Dimensions 23cm(hbk)
500 ## - GENERAL NOTE
General note A Practical Guide to Raising a Happy Child
700 ## - ADDED ENTRY--PERSONAL NAME
Personal name Mehta, Pradeep Kumar
Relator term Autor
9 (RLIN) 62847
700 ## - ADDED ENTRY--PERSONAL NAME
Personal name Seth, Deepshikha
Relator term Editor
9 (RLIN) 62848
942 ## - ADDED ENTRY ELEMENTS (KOHA)
Source of classification or shelving scheme Dewey Decimal Classification
Item type English Books
Classification part 136.7
Call number suffix MEH
Holdings
Withdrawn status Lost status Not for loan Collection code Home library Current library Date acquired Source of acquisition Cost, normal purchase price Full call number Barcode Copy number Cost, replacement price Koha item type
      Non-fiction Bawana Bawana 07/03/2024 DBAD 395.00 136.7 MEH EN-123100 1 395.00 English Books

© Delhi Public Library
Hit Counter
free hit counter